[Event "Stay Safe Play From Home 258"]
[Site "Emanuel Lasker Arena"]
[Date "2020.06.26"]
[Round "5"]
[White "MarkonY"]
[Black "charlsjulian19"]
[Result "1-0"]
[WhiteElo "2320"]
[BlackElo "1721"]
[Annotator "NA"]
[PlyCount "65"]
[EventDate "2020.06.26"]
[EventType "swiss (blitz)"]

1. d4 {[%emt 0:00:02]} d5 {[%emt 0:00:02]} 2. c4 {[%emt 0:00:01]} dxc4 {[%emt 0:00:00]} 3. e3 {[%emt 0:00:04]} e5 {[%emt 0:00:02]} 4. Nc3 {[%emt 0:00:02]} exd4 {[%emt 0:00:01]} 5. exd4 {[%emt 0:00:01]} Nf6 {[%emt 0:00:05]} 6. Bxc4 {[%emt 0:00:02]} Be7 {[%emt 0:00:01]} 7. h3 {[%emt 0:00:03]} O-O {[%emt 0:00:59]} 8. Nf3 {[%emt 0:00:05]} Bf5 {[%emt 0:00:18]} 9. O-O {[%emt 0:00:04]} Bg6 {[%emt 0:00:15]} 10. a4 {[%emt 0:00:08]} a6 {[%emt 0:00:11]} 11. Qb3 {[%emt 0:00:03]} b6 {[%emt 0:00:06]} 12. Be3 {[%emt 0:00:07]} Nc6 {[%emt 0:00:05]} 13. Rfd1 {[%emt 0:00:10]} Na5 {[%emt 0:00:01]} 14. Qa2 {[%emt 0:00:01]} Nxc4 {[%emt 0:00:02]} 15. Qxc4 {[%emt 0:00:00]} Ne4 {[%emt 0:00:21]} 16. Ne5 {[%emt 0:00:07]} Nxc3 {[%emt 0:00:04]} 17. bxc3 {[%emt 0:00:11]} Bd6 {[%emt 0:00:02]} 18. f4 {[%emt 0:00:05]} Qe7 {[%emt 0:00:14]} 19. Rf1 {[%emt 0:00:08]} Kh8 {[%emt 0:00:01]} 20. Rae1 {[%emt 0:00:11]} Be4 {[%emt 0:00:06]} 21. f5 {[%emt 0:00:14]} Bxe5 {[%emt 0:00:13]} 22. dxe5 {[%emt 0:00:04]} Qxe5 {[%emt 0:00:13]} 23. Bd4 {[%emt 0:00:16]} Qd5 {[%emt 0:00:04]} 24. Qxd5 {[%emt 0:00:05]} Bxd5 {[%emt 0:00:01]} 25. f6 {[%emt 0:00:01]} g6 {[%emt 0:00:06]} 26. Re7 {[%emt 0:00:00]} c6 {[%emt 0:00:03]} 27. Bxb6 {[%emt 0:00:01]} Rfe8 {[%emt 0:00:01]} 28. Rfe1 {[%emt 0:00:04]} Rxe7 {[%emt 0:00:02]} 29. fxe7 {[%emt 0:00:01]} Re8 {[%emt 0:00:04]} 30. Bd4+ {[%emt 0:00:00]} Kg8 {[%emt 0:00:01]} 31. Bf6 {[%emt 0:00:01]} Be6 {[%emt 0:00:10]} 32. Rd1 {[%emt 0:00:01]} Rxe7 {[%emt 0:00:06]} 33. Rd8+ {[%emt 0:00:02] charlsjulian19 resigns (Lag: Av=0.92s, max=1.3s)} 1-0

[Event "Stay Safe Play From Home 258"]
[Site "Emanuel Lasker Arena"]
[Date "2020.06.26"]
[Round "5"]
[White "Lazieri3"]
[Black "Haxhi Baha"]
[Result "1/2-1/2"]
[WhiteElo "2008"]
[BlackElo "2060"]
[PlyCount "192"]
[EventDate "2020.06.26"]
[EventType "swiss (blitz)"]

1. e4 {[%emt 0:00:01]} e6 {[%emt 0:00:01]} 2. e5 {[%emt 0:00:01]} d6 {[%emt 0:00:02]} 3. exd6 {[%emt 0:00:00]} cxd6 {[%emt 0:00:01]} 4. d4 {[%emt 0:00:00]} d5 {[%emt 0:00:00]} 5. Nf3 {[%emt 0:00:01]} Nf6 {[%emt 0:00:00]} 6. Bf4 {[%emt 0:00:03]} Nc6 {[%emt 0:00:00]} 7. c3 {[%emt 0:00:01]} Bd6 {[%emt 0:00:00]} 8. Bxd6 {[%emt 0:00:01]} Qxd6 {[%emt 0:00:00]} 9. Bd3 {[%emt 0:00:00]} O-O {[%emt 0:00:18]} 10. O-O {[%emt 0:00:01]} e5 {[%emt 0:00:00]} 11. Nxe5 {[%emt 0:00:02]} Nxe5 {[%emt 0:00:00]} 12. dxe5 {[%emt 0:00:00]} Qxe5 {[%emt 0:00:00]} 13. Nd2 {[%emt 0:00:00]} Bg4 {[%emt 0:00:05]} 14. Qc2 {[%emt 0:00:03]} Qh5 {[%emt 0:00:09]} 15. Rfe1 {[%emt 0:00:05]} Rfe8 {[%emt 0:00:01]} 16. Nf1 {[%emt 0:00:03]} Qg5 {[%emt 0:00:10]} 17. h3 {[%emt 0:00:02]} Bxh3 {[%emt 0:00:04]} 18. Ng3 {[%emt 0:00:01]} Bg4 {[%emt 0:00:06]} 19. Qb3 {[%emt 0:00:03]} b6 {[%emt 0:00:13]} 20. c4 {[%emt 0:00:05]} h5 {[%emt 0:00:05]} 21. cxd5 {[%emt 0:00:02]} h4 {[%emt 0:00:01]} 22. Ne4 {[%emt 0:00:10]} Nxe4 {[%emt 0:00:06]} 23. Bxe4 {[%emt 0:00:02]} Qf4 {[%emt 0:00:33]} 24. Bf3 {[%emt 0:00:12]} Bxf3 {[%emt 0:00:10]} 25. Qxf3 {[%emt 0:00:00]} Qxf3 {[%emt 0:00:01]} 26. gxf3 {[%emt 0:00:00]} Kf8 {[%emt 0:00:13]} 27. Re4 {[%emt 0:00:04]} g5 {[%emt 0:00:17]} 28. Rc1 {[%emt 0:00:13]} Rad8 {[%emt 0:00:09]} 29. Rc7 {[%emt 0:00:02]} Rxd5 {[%emt 0:00:06]} 30. Rxe8+ {[%emt 0:00:04]} Kxe8 {[%emt 0:00:00]} 31. Rxa7 {[%emt 0:00:01]} Rb5 {[%emt 0:00:19]} 32. b3 {[%emt 0:00:03]} Ra5 {[%emt 0:00:06]} 33. Rb7 {[%emt 0:00:30]} Rxa2 {[%emt 0:00:01]} 34. Rxb6 {[%emt 0:00:01]} Ke7 {[%emt 0:00:11]} 35. Kg2 {[%emt 0:00:02]} f6 {[%emt 0:00:12]} 36. b4 {[%emt 0:00:01]} Kf7 {[%emt 0:00:03]} 37. b5 {[%emt 0:00:01]} Kg6 {[%emt 0:00:01]} 38. Rb8 {[%emt 0:00:01]} Rb2 {[%emt 0:00:01]} 39. b6 {[%emt 0:00:01]} Kf5 {[%emt 0:00:02]} 40. b7 {[%emt 0:00:09]} Rb6 {[%emt 0:00:04]} 41. Kh3 {[%emt 0:00:05]} Kf4 {[%emt 0:00:01]} 42. Rf8 {[%emt 0:00:12]} Rxb7 {[%emt 0:00:06]} 43. Rxf6+ {[%emt 0:00:02]} Ke5 {[%emt 0:00:00]} 44. Rf8 {[%emt 0:00:03]} Rb1 {[%emt 0:00:03]} 45. Kg2 {[%emt 0:00:07]} Rb2 {[%emt 0:00:07]} 46. Rf7 {[%emt 0:00:25]} Ke6 {[%emt 0:00:07]} 47. Rf8 {[%emt 0:00:03]} Ra2 {[%emt 0:00:08]} 48. Kf1 {[%emt 0:00:25]} Ra5 {[%emt 0:00:04]} 49. Kg2 {[%emt 0:00:05]} Ke7 {[%emt 0:00:00]} 50. Rb8 {[%emt 0:00:07]} Kf6 {[%emt 0:00:01]} 51. Kh3 {[%emt 0:00:03]} Ra1 {[%emt 0:00:02]} 52. Rb5 {[%emt 0:00:41]} Kg6 {[%emt 0:00:02]} 53. Rb8 {[%emt 0:00:07]} Rf1 {[%emt 0:00:04]} 54. Kg2 {[%emt 0:00:02]} Ra1 {[%emt 0:00:01]} 55. Rc8 {[%emt 0:00:01]} Kf5 {[%emt 0:00:04]} 56. Rb8 {[%emt 0:00:03]} Kf4 {[%emt 0:00:02]} 57. Rf8+ {[%emt 0:00:02]} Ke5 {[%emt 0:00:01]} 58. Kh3 {[%emt 0:00:01]} Rf1 {[%emt 0:00:02]} 59. Kg2 {[%emt 0:00:07]} Ra1 {[%emt 0:00:01]} 60. Rf7 {[%emt 0:00:01]} Ke6 {[%emt 0:00:01]} 61. Rb7 {[%emt 0:00:02]} Kf5 {[%emt 0:00:01]} 62. Rb8 {[%emt 0:00:01]} Kg6 {[%emt 0:00:01]} 63. Rc8 {[%emt 0:00:02]} Ra3 {[%emt 0:00:03]} 64. Rf8 {[%emt 0:00:03]} Kg7 {[%emt 0:00:02]} 65. Rf5 {[%emt 0:00:01]} Kg6 {[%emt 0:00:00]} 66. Rb5 {[%emt 0:00:02]} Rc3 {[%emt 0:00:04]} 67. Rb8 {[%emt 0:00:03]} Ra3 {[%emt 0:00:03]} 68. Rc8 {[%emt 0:00:01]} Ra1 {[%emt 0:00:02]} 69. Rb8 {[%emt 0:00:01]} Kh5 {[%emt 0:00:01]} 70. Rh8+ {[%emt 0:00:02]} Kg6 {[%emt 0:00:00]} 71. Rd8 {[%emt 0:00:00]} Rb1 {[%emt 0:00:01]} 72. Ra8 {[%emt 0:00:01]} Rc1 {[%emt 0:00:03]} 73. Kh3 {[%emt 0:00:01]} Rh1+ {[%emt 0:00:03]} 74. Kg2 {[%emt 0:00:01]} Rb1 {[%emt 0:00:00]} 75. Rf8 {[%emt 0:00:02]} Kg7 {[%emt 0:00:04]} 76. Ra8 {[%emt 0:00:04]} Rc1 {[%emt 0:00:03]} 77. Ra7+ {[%emt 0:00:03]} Kg6 {[%emt 0:00:00]} 78. Ra8 {[%emt 0:00:00]} Rb1 {[%emt 0:00:02]} 79. Rh8 {[%emt 0:00:02]} Rc1 {[%emt 0:00:03]} 80. f4 {[%emt 0:00:02]} gxf4 {[%emt 0:00:03]} 81. Rxh4 {[%emt 0:00:02]} Kg5 {[%emt 0:00:00]} 82. Rh8 {[%emt 0:00:03]} Rc3 {[%emt 0:00:00]} 83. Rf8 {[%emt 0:00:04]} Ra3 {[%emt 0:00:02]} 84. Rf7 {[%emt 0:00:01]} Kg4 {[%emt 0:00:01]} 85. Rg7+ {[%emt 0:00:02]} Kf5 {[%emt 0:00:00]} 86. Rf7+ {[%emt 0:00:01]} Kg5 {[%emt 0:00:04]} 87. Rf8 {[%emt 0:00:02]} Rb3 {[%emt 0:00:02]} 88. Rf7 {[%emt 0:00:04]} Kg4 {[%emt 0:00:00]} 89. Rg7+ {[%emt 0:00:07]} Kf5 {[%emt 0:00:00]} 90. Rg8 {[%emt 0:00:02]} Ra3 {[%emt 0:00:03]} 91. Rb8 {[%emt 0:00:01]} Rc3 {[%emt 0:00:03]} 92. Ra8 {[%emt 0:00:02]} Kg4 {[%emt 0:00:03]} 93. Rg8+ {[%emt 0:00:03]} Kf5 {[%emt 0:00:01]} 94. Rg7 {[%emt 0:00:01]} Ra3 {[%emt 0:00:03]} 95. Rb7 {[%emt 0:00:03]} Kg4 {[%emt 0:00:01]} 96. Rg7+ {[%emt 0:00:02]} Kf5 {[%emt 0:00:00] (Lag: Av=1.52s, max=3.9s)} 1/2-1/2

[Event "Stay Safe Play From Home 258"]
[Site "Emanuel Lasker Arena"]
[Date "2020.06.26"]
[Round "5"]
[White "Dukic"]
[Black "Haris kollari 13"]
[Result "1-0"]
[WhiteElo "1931"]
[BlackElo "1985"]
[Annotator "NA"]
[PlyCount "93"]
[EventDate "2020.06.26"]
[EventType "swiss (blitz)"]

1. c4 {[%emt 0:00:03]} e6 {[%emt 0:00:02]} 2. Nc3 {[%emt 0:00:00]} Nf6 {[%emt 0:00:02]} 3. Nf3 {[%emt 0:00:00]} c5 {[%emt 0:00:01]} 4. d4 {[%emt 0:00:01]} cxd4 {[%emt 0:00:01]} 5. Nxd4 {[%emt 0:00:01]} Nc6 {[%emt 0:00:01]} 6. Ndb5 {[%emt 0:00:01]} d6 {[%emt 0:00:08]} 7. Bf4 {[%emt 0:00:02]} e5 {[%emt 0:00:01]} 8. Bg5 {[%emt 0:00:01]} a6 {[%emt 0:00:03]} 9. Na3 {[%emt 0:00:03]} Be7 {[%emt 0:00:04]} 10. Nc2 {[%emt 0:00:06]} Be6 {[%emt 0:00:01]} 11. Ne3 {[%emt 0:00:01]} O-O {[%emt 0:00:06]} 12. g3 {[%emt 0:00:01]} h6 {[%emt 0:00:01]} 13. Bxf6 {[%emt 0:00:02]} Bxf6 {[%emt 0:00:01]} 14. Bg2 {[%emt 0:00:01]} Rc8 {[%emt 0:00:02]} 15. O-O {[%emt 0:00:05]} Nd4 {[%emt 0:00:05]} 16. Ncd5 {[%emt 0:00:04]} Be7 {[%emt 0:00:16]} 17. Rc1 {[%emt 0:00:04]} f5 {[%emt 0:00:04]} 18. f4 {[%emt 0:00:03]} e4 {[%emt 0:00:01]} 19. Qxd4 {[%emt 0:00:02]} Bf6 {[%emt 0:00:05]} 20. Nxf6+ {[%emt 0:00:02]} Rxf6 {[%emt 0:00:01]} 21. Nd5 {[%emt 0:00:02]} Bxd5 {[%emt 0:00:01]} 22. Qxd5+ {[%emt 0:00:01]} Kh7 {[%emt 0:00:00]} 23. Rfd1 {[%emt 0:00:05]} Qb6+ {[%emt 0:00:01]} 24. Qd4 {[%emt 0:00:12]} Qa5 {[%emt 0:00:08]} 25. a3 {[%emt 0:00:05]} Rc6 {[%emt 0:00:05]} 26. e3 {[%emt 0:00:02]} Qc7 {[%emt 0:00:04]} 27. Rc3 {[%emt 0:00:08]} Rf8 {[%emt 0:00:07]} 28. Bh3 {[%emt 0:00:09]} g6 {[%emt 0:00:02]} 29. g4 {[%emt 0:00:08]} Qe7 {[%emt 0:00:12]} 30. gxf5 {[%emt 0:00:22]} gxf5 {[%emt 0:00:01]} 31. Kh1 {[%emt 0:00:12]} Qh4 {[%emt 0:00:05]} 32. Bg2 {[%emt 0:00:07]} Rg8 {[%emt 0:00:02]} 33. Rc2 {[%emt 0:00:07]} Qg4 {[%emt 0:00:02]} 34. Rg1 {[%emt 0:00:17]} Rg6 {[%emt 0:00:07]} 35. Qd5 {[%emt 0:00:04]} Rc7 {[%emt 0:00:04]} 36. c5 {[%emt 0:00:07]} Rcg7 {[%emt 0:00:02]} 37. cxd6 {[%emt 0:00:03]} Qf3 {[%emt 0:00:01]} 38. Qxf5 {[%emt 0:00:12]} Qxe3 {[%emt 0:00:03]} 39. Rc7 {[%emt 0:00:17]} Qd4 {[%emt 0:00:08]} 40. Rxg7+ {[%emt 0:00:02]} Kxg7 {[%emt 0:00:03]} 41. d7 {[%emt 0:00:06]} e3 {[%emt 0:00:05]} 42. Qe5+ {[%emt 0:00:03]} Qxe5 {[%emt 0:00:03]} 43. fxe5 {[%emt 0:00:01]} e2 {[%emt 0:00:06]} 44. d8=Q {[%emt 0:00:02]} Kf7 {[%emt 0:00:03]} 45. Qd7+ {[%emt 0:00:01]} Kf8 {[%emt 0:00:02]} 46. e6 {[%emt 0:00:01]} Rxg2 {[%emt 0:00:06]} 47. Kxg2 {[%emt 0:00:02] Haris kollari 13 resigns (Lag: Av=0.39s, max=0.6s)} 1-0

[Event "Stay Safe Play From Home 258"]
[Site "Emanuel Lasker Arena"]
[Date "2020.06.26"]
[Round "5"]
[White "Edmatuag"]
[Black "Timbre"]
[Result "1-0"]
[WhiteElo "1708"]
[BlackElo "1616"]
[Annotator "NA"]
[PlyCount "57"]
[EventDate "2020.06.26"]
[EventType "swiss (blitz)"]

1. e4 {[%emt 0:00:02]} c6 {[%emt 0:00:05]} 2. Bd3 {[%emt 0:00:01]} d5 {[%emt 0:00:01]} 3. e5 {[%emt 0:00:02]} e6 {[%emt 0:00:04]} 4. c3 {[%emt 0:00:01]} c5 {[%emt 0:00:01]} 5. f4 {[%emt 0:00:01]} Nc6 {[%emt 0:00:02]} 6. Nf3 {[%emt 0:00:02]} Nge7 {[%emt 0:00:01]} 7. Bc2 {[%emt 0:00:02]} g6 {[%emt 0:00:01]} 8. d4 {[%emt 0:00:01]} cxd4 {[%emt 0:00:04]} 9. cxd4 {[%emt 0:00:02]} Bg7 {[%emt 0:00:04]} 10. Nc3 {[%emt 0:00:01]} O-O {[%emt 0:00:03]} 11. O-O {[%emt 0:00:01]} Nf5 {[%emt 0:00:04]} 12. Kh1 {[%emt 0:00:12]} Nh4 {[%emt 0:00:02]} 13. Nxh4 {[%emt 0:00:10]} Qxh4 {[%emt 0:00:03]} 14. Be3 {[%emt 0:00:01]} a6 {[%emt 0:00:09]} 15. Qd2 {[%emt 0:00:10]} Bd7 {[%emt 0:00:03]} 16. a3 {[%emt 0:00:01]} b5 {[%emt 0:00:06]} 17. b4 {[%emt 0:00:06]} Ne7 {[%emt 0:00:03]} 18. f5 {[%emt 0:00:14]} exf5 {[%emt 0:00:07]} 19. Bg5 {[%emt 0:00:02]} Qh5 {[%emt 0:00:17]} 20. Bd1 {[%emt 0:00:04]} Qxd1 {[%emt 0:00:11]} 21. Raxd1 {[%emt 0:00:06]} Nc6 {[%emt 0:00:02]} 22. Nxd5 {[%emt 0:00:03]} Be6 {[%emt 0:00:02]} 23. Nf6+ {[%emt 0:00:05]} Kh8 {[%emt 0:00:07]} 24. Qf4 {[%emt 0:00:10]} Rad8 {[%emt 0:00:03]} 25. d5 {[%emt 0:00:04]} Bd7 {[%emt 0:00:12]} 26. Nxd7 {[%emt 0:00:08]} Rxd7 {[%emt 0:00:03]} 27. dxc6 {[%emt 0:00:01]} Rc7 {[%emt 0:00:02]} 28. Rc1 {[%emt 0:00:08]} Rfc8 {[%emt 0:00:02]} 29. Bf6 {[%emt 0:00:15] Timbre resigns (Lag: Av=0.66s, max=4.3s)} 1-0

[Event "Stay Safe Play From Home 258"]
[Site "Emanuel Lasker Arena"]
[Date "2020.06.26"]
[Round "5"]
[White "Erdema"]
[Black "Weltszmerc"]
[Result "0-1"]
[WhiteElo "1639"]
[BlackElo "2122"]
[Annotator "TA"]
[PlyCount "98"]
[EventDate "2020.06.26"]
[EventType "swiss (blitz)"]

{[%evp 9,97,8,14,2,77,14,8,8,18,12,22,-11,20,10,10,10,8,10,10,8,14,-27,-22,-150,-157,-318,-314,-341,-350,-340,-342,-348,-339,-367,-344,-506,-368,-418,-425,-491,-479,-474,-449,-556,-553,-566,-574,-660,-595,-671,-651,-618,-566,-756,-737,-755,-747,-793,-786,-1635,-1529,-2277,-2089,-29991,-29992,-29992,-7506,-29980,-29981,-29990,-29987,-29989,-29990,-29992,-29992,-29992,-29993,-29993,-29994,-29996,-29997,-29997,-29997,-29997,-29997,-29998,-29998,-29998,-29999,-29999]} 1. e4 Nf6 2. e5 Nd5 3. Bc4 c6 4. Nc3 Nxc3 5. dxc3 d5 6. exd6 {[#] B02: Alekhine's Defence: Chase Variation and lines with early Nc3.} Qxd6 $146 (6... exd6 $11 7. Nf3 Be7) ({Predecessor:} 6... exd6 7. Qe2+ Be7 8. Bg5 d5 9. Bd3 Be6 10. Bd2 c5 11. c4 Nc6 12. c3 dxc4 13. Bxc4 Bxc4 14. Qxc4 {1-0 (32) Mercant Simon,J-Juan Mas,S (2105) Binissalem 2003}) 7. Qxd6 (7. Qe2 $16) 7... exd6 $11 8. Nf3 {The position is equal.} d5 9. Bd3 Bg4 10. Ne5 Bh5 (10... Be6 {is more complex.} 11. Nf3 Nd7 12. Ng5 Bd6 13. Be3 Bg4) 11. g4 Bg6 12. Nxg6 hxg6 13. Bf4 Nd7 14. O-O-O O-O-O 15. a4 Nc5 16. b4 (16. a5 $11 {remains equal.}) 16... Nxa4 $17 17. b5 $2 {This move loses the game for White.} (17. Bd2 $17) 17... Nxc3 $19 {[%mdl 64] [#] Double Attack} 18. Rde1 Ba3+ ({Don't take} 18... cxb5 19. Kb2) 19. Kd2 Nxb5 20. Bxb5 cxb5 21. Re3 Bb4+ 22. c3 (22. Kd3 $142) 22... Bc5 23. Re2 Rde8 24. Rhe1 Rxe2+ 25. Rxe2 {[%mdl 4096] Endgame KRB-KRB} Kd7 26. Re5 Kc6 27. Bg3 a5 28. Re1 a4 29. Ra1 Re8 30. Kd3 Bd6 31. f4 Re4 32. Rf1 f6 33. h4 Bc5 34. Rf3 a3 {[%cal Ba4a3,Ba3a2][%mdl 32]} 35. Kc2 Re2+ 36. Kb1 a2+ 37. Ka1 d4 (37... b4 $142 38. Rf1 bxc3 39. Rc1 c2 40. Kxa2 d4 41. f5 d3 42. Bf4 gxf5 43. Kb2 Bd4+ 44. Kb3 fxg4 45. Ka3 Rf2 46. Bg3 Be3 47. Kb3 Bxc1 48. Bxf2 Bf4 49. Kc3 c1=Q+ 50. Kxd3 Qd2+ 51. Kc4 b5+ 52. Kb3 Be5 53. Bd4 Bxd4 54. h5 Qb2#) 38. f5 gxf5 {Black mates.} 39. gxf5 b4 40. cxb4 Bxb4 41. Rd3 Bc3+ 42. Rxc3+ dxc3 {KR-KB} 43. h5 Kb5 44. Bf4 Kc4 45. h6 gxh6 46. Bxh6 Kb3 47. Bc1 Rf2 48. Bd2 Rf1+ 49. Bc1 Rxc1# {Accuracy: White = 24%, Black = 84%.} 0-1

[Event "Stay Safe Play From Home 258"]
[Site "Emanuel Lasker Arena"]
[Date "2020.06.26"]
[Round "6"]
[White "Weltszmerc"]
[Black "Haris kollari 13"]
[Result "1-0"]
[WhiteElo "2124"]
[BlackElo "1965"]
[Annotator "NA"]
[PlyCount "89"]
[EventDate "2020.06.26"]
[EventType "swiss (blitz)"]

1. d4 {[%emt 0:00:02]} d5 {[%emt 0:00:02]} 2. c4 {[%emt 0:00:06]} e5 {[%emt 0:00:11]} 3. Nf3 {[%emt 0:00:01]} e4 {[%emt 0:00:01]} 4. Nfd2 {[%emt 0:00:01]} c6 {[%emt 0:00:01]} 5. e3 {[%emt 0:00:01]} f5 {[%emt 0:00:01]} 6. f4 {[%emt 0:00:02]} Nf6 {[%emt 0:00:01]} 7. b3 {[%emt 0:00:09]} Bd6 {[%emt 0:00:01]} 8. Ba3 {[%emt 0:00:01]} O-O {[%emt 0:00:02]} 9. Bxd6 {[%emt 0:00:01]} Qxd6 {[%emt 0:00:01]} 10. c5 {[%emt 0:00:00]} Qe7 {[%emt 0:00:03]} 11. Be2 {[%emt 0:00:02]} b6 {[%emt 0:00:01]} 12. b4 {[%emt 0:00:01]} a5 {[%emt 0:00:01]} 13. cxb6 {[%emt 0:00:11]} Qxb4 {[%emt 0:00:04]} 14. Qb3 {[%emt 0:00:02]} Ba6 {[%emt 0:00:06]} 15. Nc3 {[%emt 0:00:09]} Bxe2 {[%emt 0:00:06]} 16. Kxe2 {[%emt 0:00:00]} Na6 {[%emt 0:00:02]} 17. Rab1 {[%emt 0:00:04]} Rab8 {[%emt 0:00:03]} 18. a3 {[%emt 0:00:02]} Qxb3 {[%emt 0:00:01]} 19. Rxb3 {[%emt 0:00:01]} Rb7 {[%emt 0:00:05]} 20. Na4 {[%emt 0:00:01]} Rfb8 {[%emt 0:00:04]} 21. Rc1 {[%emt 0:00:02]} Rc8 {[%emt 0:00:14]} 22. Nc5 {[%emt 0:00:03]} Nxc5 {[%emt 0:00:05]} 23. dxc5 {[%emt 0:00:07]} Kf7 {[%emt 0:00:02]} 24. Rbc3 {[%emt 0:00:03]} Ke6 {[%emt 0:00:03]} 25. Nb3 {[%emt 0:00:01]} Ra8 {[%emt 0:00:05]} 26. Nd4+ {[%emt 0:00:01]} Kd7 {[%emt 0:00:01]} 27. Nxf5 {[%emt 0:00:00]} g6 {[%emt 0:00:01]} 28. Nd4 {[%emt 0:00:10]} Ng4 {[%emt 0:00:05]} 29. h3 {[%emt 0:00:02]} Nh6 {[%emt 0:00:02]} 30. g4 {[%emt 0:00:01]} Ng8 {[%emt 0:00:03]} 31. f5 {[%emt 0:00:07]} g5 {[%emt 0:00:01]} 32. h4 {[%emt 0:00:09]} Nf6 {[%emt 0:00:06]} 33. hxg5 {[%emt 0:00:01]} Nxg4 {[%emt 0:00:01]} 34. Rh1 {[%emt 0:00:03]} Rh8 {[%emt 0:00:03]} 35. g6 {[%emt 0:00:04]} h6 {[%emt 0:00:07]} 36. Rcc1 {[%emt 0:00:20]} Rbb8 {[%emt 0:00:04]} 37. Rcg1 {[%emt 0:00:04]} Nf6 {[%emt 0:00:01]} 38. g7 {[%emt 0:00:00]} Rhg8 {[%emt 0:00:10]} 39. Rxh6 {[%emt 0:00:01]} Ne8 {[%emt 0:00:14]} 40. f6 {[%emt 0:00:01]} Rc8 {[%emt 0:00:08]} 41. f7 {[%emt 0:00:01]} Rxg7 {[%emt 0:00:04]} 42. fxe8=Q+ {[%emt 0:00:04]} Kxe8 {[%emt 0:00:02]} 43. Rxg7 {[%emt 0:00:01]} Kf8 {[%emt 0:00:01]} 44. Ne6+ {[%emt 0:00:03]} Ke8 {[%emt 0:00:02]} 45. Rh8# {[%emt 0:00:00] (Lag: Av=0.97s, max=4.9s)} 1-0

[Event "Stay Safe Play From Home 258"]
[Site "Emanuel Lasker Arena"]
[Date "2020.06.26"]
[Round "6"]
[White "Lazieri3"]
[Black "MarkonY"]
[Result "0-1"]
[WhiteElo "2010"]
[BlackElo "2321"]
[Annotator "TA"]
[PlyCount "88"]
[EventDate "2020.06.26"]
[EventType "swiss (blitz)"]

{[%evp 9,88,-5,0,0,0,-4,18,-37,0,-35,-4,-4,-7,-6,-20,-33,-16,-13,-4,-34,-3,-24,0,7,53,-4,-10,-10,0,-23,0,-89,-80,-95,-98,-87,-41,-26,0,0,0,0,55,0,60,80,171,99,75,-413,-372,-609,-338,-29985,-1347,-1348,-1324,-1690,-610,-1424,0,0,0,-485,-483,-459,-437,-407,-402,-601,-607,-765,-764,-791,-791,-1422,-650,-597,-515,-475,-402]} 1. e4 c5 2. Nc3 g6 3. Nf3 Bg7 4. d3 Nc6 5. Be3 Nd4 6. Be2 {B30: Sicilian: 2...Nc6 3 Bb5, lines without ...g6.} e6 7. Qd2 {[#]} a6 $146 ({Predecessor:} 7... d6 8. O-O Bd7 9. Nd1 Rc8 10. c3 Nxe2+ 11. Qxe2 Nf6 12. Bg5 Qc7 13. Bxf6 Bxf6 {0-1 (33) Capdeville,B (1298)-Krasnov,S (1926) San Francisco 2010}) 8. a4 (8. e5 $11) 8... d6 (8... d5 {is more complex.} 9. exd5 exd5 10. Bg5 f6 11. Bf4 Ne6) 9. Nd1 Ne7 10. Nxd4 cxd4 11. Bh6 $36 {[%mdl 2048] White has good play.} O-O 12. h4 f6 13. Bxg7 Kxg7 14. O-O d5 15. f4 dxe4 16. dxe4 Qb6 17. Bd3 (17. Nf2 $14) 17... Bd7 18. b3 e5 19. Nf2 Rac8 20. Kh2 (20. a5 $11 Qd6 21. fxe5 fxe5 22. Bc4) 20... Qc7 $17 21. Nh3 Bxh3 22. Kxh3 Nc6 23. f5 Ne7 24. g4 $1 Qc3 25. Qg2 Nc6 (25... h6 $11) 26. fxg6 ({White should play} 26. g5 $1 $14 Nb4 {[%mdl 64] Double Attack} 27. Qg3) 26... hxg6 (26... Nb4 $1 $11) 27. g5 $14 f5 28. exf5 gxf5 {...e4 is the strong threat.} 29. Kh2 $2 {[%mdl 8192]} (29. h5 $16 e4 {[%mdl 64] Pin} 30. h6+ Kg8 31. Rxf5 $1 {[%mdl 512]} exd3 32. Qd5+ Kh8 33. g6 $1 {[%mdl 512]} dxc2+ 34. Kh4) 29... e4 $19 30. Bc4 $2 (30. h5 exd3 31. cxd3 Qxd3 32. Rad1) 30... Ne5 {White must now prevent ...Ng4+.} 31. Be6 $2 (31. h5 $19 Ng4+ 32. Kh1) 31... Nf3+ (31... Ng4+ $142 32. Kh1 Rh8 $1 {[%mdl 512]} 33. Qxg4 fxg4 34. Rf7+ Kg6 $1 {[%mdl 512]} 35. Rf6+ Kh5 $1 {[%mdl 512]} 36. Rf2 Qxa1+ 37. Kg2 Rc3 38. Rf1 Rxc2+ 39. Rf2 Rf8 $1 {[%mdl 512]} 40. Bf7+ Rxf7 41. Rxc2 Qf1+ 42. Kh2 Qh3+ $1 {[%mdl 576] Double Attack} 43. Kg1 Rf1#) 32. Rxf3 exf3 33. Qg3 Qxc2+ (33... f4 $142 34. Qf2 Qxa1) 34. Kh3 Qg2+ $2 (34... f4 $19 35. Qh2 {[#]} f2 $1 {[%mdl 512]} 36. Bxc8 Qc3+ {[%mdl 64] Double Attack, Zwischenzug} 37. Kg4 Qxc8+ 38. Kf3 Qc3+ {[%mdl 64] Double Attack} 39. Kg4 Qxa1 40. Qxf2 Qd1+ 41. Kh3 Qxb3+ 42. Kg2 Qg3+ $1 {[%mdl 512]} 43. Kf1 Qxf2+ 44. Kxf2 f3 45. h5 d3 46. h6+ Kg6 47. Ke3 f2 48. Kd4 f1=Q 49. h7 d2 50. Kc5 d1=Q 51. h8=N+ Rxh8 52. Kb6 Qd6+ 53. Ka7 Qg1+ {[%mdl 64] Double Attack} 54. Kxb7 Rb8#) 35. Qxg2 $11 fxg2 36. Kxg2 $2 {[%mdl 12288] Endgame KRR-KRB} (36. Bxc8 $11 {and White stays safe.} Rxc8 37. Kxg2) 36... Rc2+ $19 37. Kg3 Rc3+ 38. Kf4 Rh3 39. Rc1 (39. Bxf5 $142 Rxh4+ 40. Kg3) 39... Rxh4+ {Black is clearly winning.} 40. Kf3 Kg6 41. Rc7 Rh7 42. Rc4 Kxg5 (42... Re7 $142 43. Bd5 Rd8 44. Rxd4 Red7) 43. Rxd4 Rh3+ 44. Kg2 Rfh8 {Accuracy: White = 45%, Black = 53%.} 0-1